| 000 | 00393nam a2200109Ia 4500 | ||
|---|---|---|---|
| 008 | 230907s9999||||xx |||||||||||||| ||und|| | ||
| 082 |
_a621.3 _bIEC |
||
| 100 |
_aIEC Standards _9117978 |
||
| 245 | 0 | _aIEC 60986 ED. 2.0 B:2000, SHORT-CIRCUIT TEMPERATURE LIMITS OF ELECTRIC CABLES WITH RATED VOLTAGES FROM 6 KV (UM = 7,2 KV) UP TO 30 KV (UM = 36 KV | |
| 260 |
_bIEC _c2019-09-13 |
||
| 942 |
_2ddc _cEB |
||
| 999 |
_c599852 _d599852 |
||